Príklady zo štatistických metód /

Hlavní autor: Bakytová, Hedviga, 1932-
Další autoři: Ugron, Milan, 1926-
Jazyk: Slovenština
Vydáno: Bratislava : Alfa, 1972
Vydání: 1. vyd.
Edice: Edícia ekonomickej literatúry (Alfa)
Fyzický popis: 250 s. + 1 příl.
Knihy
Uloženo v:
LEADER 00866nam a22002652a 4500
001 000427609
003 CZ BrMZK
005 20130723133054.0
007 ta
008 020715s1972 xo slo d
035 |a (OCoLC)70347092 
040 |a BOA001  |b cze 
100 1 |a Bakytová, Hedviga,  |d 1932-  |7 jx20040727014  |4 aut 
245 1 0 |a Príklady zo štatistických metód /  |c Heda Bakytová, M. Ugron 
250 |a 1. vyd. 
260 |a Bratislava :  |b Alfa,  |c 1972 
300 |a 250 s. +  |e 1 příl. 
490 1 |a Edícia ekonomickej literatúry 
504 |a Obsahuje bibliografii 
700 1 |a Ugron, Milan,  |d 1926-  |7 jx20051215029  |4 aut 
830 0 |a Edícia ekonomickej literatúry (Alfa) 
910 |a BOA001  |b 2-0679.994 
990 |a BK 
991 |b 201306 
996 6 |b 2619777730  |c 2-0679.994  |l Sklad H1  |r Sklad / do 24 hodin  |n 3  |h HS212  |w 000427609  |u 000010  |a 1  |e BOA001  |j MZK50  |s P